000 nam a22 a 4500
999 _c3935
_d3935
003 AKMAL
005 20170524124142.0
008 170524s1988 my a000 may d
020 _a9836204393
040 _aAKMAL
082 0 4 _a899.2333 KAL
090 _a899.2333
_bKAL
100 _aKala Dewata,
_d1925-
_97756
245 1 _aPeristiwa di perhentian /
_cKala Dewata
260 _aKuala Lumpur :
_bDewan Bahasa dan Pustaka,
_c1988
300 0 0 _a137ms. ;
_c18cm
650 _aChildren's stories, Malay
_97653
650 0 _aMalay fiction
_92141
942 _2ddc
_cBOOK